La motivación, la inteligencia y el éxito en el aprendizaje

Saved in:
Bibliographic Details
Main Author: Wasna, María (Author)
Format: Book
Language:Spanish
Published: Buenos Aires Kapelusz 1972
Series:Biblioteca de Cultura Pedagógica
Subjects:
Tags: Add Tag
No Tags, Be the first to tag this record!

MARC

LEADER 00000nam a2200000 a 4500
001 UCY8010
003 CL-VaPUC
008 950623e19720000AG |||||||||||||||||spa|d
082 0 4 |a 370.154  |b WAS  |2 21 
100 0 |a Wasna, María  |e author  |9 339068 
245 1 3 |a La motivación, la inteligencia y el éxito en el aprendizaje 
300 |a 126 p 
942 |c BK 
945 |d 19950623 00:00:00  |a mfernand 
260 |a Buenos Aires  |b Kapelusz  |c 1972 
650 7 |a MOTIVACION DE RENDIMIENTO  |2 CL-VaPUC  |9 339069 
650 0 |a Inteligencia  |9 267038 
650 0 |a Psicología educacional   |9 307830 
650 0 |a Aprendizaje   |9 254827 
650 0 |a Aspiración   |9 338192 
650 7 |a INVESTIGACION PSICOLOGICA  |2 CL-VaPUC  |9 309030 
650 7 |a INCENTIVOS  |2 CL-VaPUC  |9 339070 
583 |a last modification  |c 19950623 00:00:00  |k Rodrigo Vera 
490 0 |a Biblioteca de Cultura Pedagógica 
999 |c 235297  |d 235295 
952 |0 0  |1 0  |4 0  |6 370_154000000000000_WAS_1972  |7 0  |8 P  |9 242617  |a BIBEDU  |b BIBEDU  |c BIBEDU_PB  |d 2019-11-18  |i 1525050  |o 370.154 WAS 1972  |p 1525050  |r 2024-01-25  |w 2019-11-18  |y BK  |k EDU